[Event "DVM U12 2017"]
[Site "Magdeburg GER"]
[Date "2017.12.30"]
[Round "7"]
[White "La, Nhat Hao"]
[Black "Pfefferkorn, Paul"]
[Result "0-1"]
[Termination "normal"]
[Board "5.4"]
[WhiteElo "1209"]
[BlackElo "1152"]
[WhiteClock "00:15:52"]
[BlackClock "01:03:40"]
[WhiteTeam "SG Trier"]
[BlackTeam "USV TU Dresden"]
[PlyCount "168"]
[WhiteFideId "16255313"]
[BlackFideId "16255330"]
[EventCountry "GER"]
[EventRounds "7"]
[EventType "team-swiss"]
[EventDate "2017.12.26"]

1. e4 {[%clk 1:30:58]} e5 {[%clk 1:30:55]} 2. Nf3 {[%clk 1:31:22]} Nc6 {[%clk
1:31:19]} 3. Bc4 {[%clk 1:31:45]} Bc5 {[%clk 1:31:42]} 4. O-O {[%clk 1:32:04]}
Nf6 {[%clk 1:31:59]} 5. Nc3 {[%clk 1:32:07]} O-O {[%clk 1:31:52]} 6. d3 d6 7.
h3 {[%clk 1:32:31]} h6 {[%clk 1:32:36]} 8. Be3 {[%clk 1:31:45]} Bb6 {[%clk
1:32:41]} 9. a3 {[%clk 1:30:29]} a6 {[%clk 1:24:19]} 10. Bxb6 {[%clk 1:25:23]}
cxb6 {[%clk 1:24:40]} 11. Ne2 {[%clk 1:20:42]} d5 {[%clk 1:21:56]} 12. exd5
{[%clk 1:18:20]} Nxd5 {[%clk 1:22:18]} 13. Bxd5 {[%clk 1:14:17]} Qxd5 {[%clk
1:22:38]} 14. c4 {[%clk 1:11:12]} Qe6 {[%clk 1:20:51]} 15. Qb3 {[%clk 1:08:39]}
b5 {[%clk 1:18:23]} 16. Qc3 {[%clk 1:07:03]} bxc4 {[%clk 1:14:03]} 17. dxc4
{[%clk 1:04:41]} Rd8 {[%clk 1:10:50]} 18. b4 {[%clk 1:01:08]} Nd4 {[%clk
1:08:09]} 19. Nexd4 {[%clk 0:58:12]} exd4 {[%clk 1:08:27]} 20. Nxd4 {[%clk
0:57:54]} Qf6 {[%clk 1:08:47]} 21. Rfd1 {[%clk 0:57:23]} Be6 {[%clk 1:08:23]}
22. Rac1 {[%clk 0:57:12]} Rd7 {[%clk 1:07:26]} 23. Qa1 {[%clk 0:57:04]} Rad8
{[%clk 1:03:22]} 24. Kf1 {[%clk 0:43:55]} Rxd4 {[%clk 1:02:30]} 25. Rxd4 {[%clk
0:36:04]} Qxd4 {[%clk 1:02:44]} 26. Qxd4 {[%clk 0:36:11]} Rxd4 {[%clk 1:03:05]}
27. c5 {[%clk 0:35:37]} Rc4 {[%clk 1:03:27]} 28. Rxc4 {[%clk 0:35:34]} Bxc4+
{[%clk 1:03:51]} 29. Ke1 {[%clk 0:35:57]} Kf8 {[%clk 1:04:15]} 30. g3 {[%clk
0:36:15]} Ke7 {[%clk 1:04:23]} 31. Kd2 {[%clk 0:36:39]} Ke6 {[%clk 1:04:28]}
32. Ke3 {[%clk 0:36:08]} Ke7 {[%clk 1:03:27]} 33. Kd4 {[%clk 0:36:08]} Be6
{[%clk 1:02:52]} 34. h4 {[%clk 0:36:19]} Kd7 {[%clk 1:03:04]} 35. Kc3 {[%clk
0:34:54]} Kc6 {[%clk 1:02:32]} 36. Kd4 {[%clk 0:32:38]} b6 {[%clk 1:02:25]} 37.
cxb6 {[%clk 0:32:36]} Kxb6 {[%clk 1:02:49]} 38. Kc3 {[%clk 0:30:34]} a5 {[%clk
1:02:32]} 39. a4 {[%clk 0:27:52]} axb4+ {[%clk 0:59:55]} 40. Kxb4 {[%clk
0:27:30]} Bd5 {[%clk 1:00:12]} 41. a5+ {[%clk 0:27:33]} Kc7 {[%clk 1:00:20]}
42. Kb5 {[%clk 0:26:47]} g5 {[%clk 0:59:55]} 43. hxg5 {[%clk 0:26:54]} hxg5
{[%clk 1:00:14]} 44. a6 {[%clk 0:26:44]} f5 {[%clk 0:59:51]} 45. Kc5 {[%clk
0:26:50]} Be6 {[%clk 0:59:24]} 46. a7 {[%clk 0:23:40]} Kb7 {[%clk 0:59:48]} 47.
Kd6 {[%clk 0:23:59]} Bc8 {[%clk 1:00:11]} 48. a8=Q+ {[%clk 0:16:24]} Kxa8
{[%clk 1:00:27]} 49. Ke5 {[%clk 0:16:48]} g4 {[%clk 1:00:08]} 50. Kf4 {[%clk
0:13:22]} Kb7 {[%clk 1:00:04]} 51. f3 {[%clk 0:13:03]} Kc6 {[%clk 1:00:18]} 52.
fxg4 {[%clk 0:13:11]} fxg4 {[%clk 1:00:40]} 53. Ke4 {[%clk 0:12:53]} Kc5 {[%clk
0:59:33]} 54. Ke5 {[%clk 0:13:10]} Bd7 {[%clk 0:59:26]} 55. Ke4 {[%clk
0:13:16]} Kc4 {[%clk 0:59:05]} 56. Ke3 {[%clk 0:12:50]} Kd5 {[%clk 0:59:17]}
57. Kd3 {[%clk 0:13:05]} Bf5+ {[%clk 0:59:40]} 58. Ke3 {[%clk 0:12:51]} Ke5
{[%clk 1:00:02]} 59. Kd2 {[%clk 0:12:50]} Kd4 {[%clk 0:59:32]} 60. Ke2 {[%clk
0:13:09]} Bd3+ {[%clk 0:59:36]} 61. Kf2 {[%clk 0:12:54]} Ke4 {[%clk 0:59:49]}
62. Kg2 {[%clk 0:12:42]} Bf1+ {[%clk 0:59:03]} 63. Kf2 {[%clk 0:11:53]} Bd3
{[%clk 0:59:19]} 64. Kg2 {[%clk 0:12:03]} Ke3 {[%clk 0:59:39]} 65. Kh2 {[%clk
0:11:57]} Kf2 {[%clk 0:59:44]} 66. Kh1 Kxg3 67. Kg1 {[%clk 0:11:53]} Bg6 {[%clk
0:59:55]} 68. Kf1 {[%clk 0:11:13]} Kh2 {[%clk 1:00:18]} 69. Kf2 {[%clk
0:11:38]} g3+ {[%clk 1:00:42]} 70. Kf3 {[%clk 0:12:02]} g2 {[%clk 1:01:05]} 71.
Kf4 {[%clk 0:12:27]} g1=Q {[%clk 1:01:28]} 72. Ke5 {[%clk 0:12:43]} Qf1 {[%clk
1:01:49]} 73. Kd5 {[%clk 0:12:49]} Qe1 {[%clk 1:02:12]} 74. Kc5 {[%clk
0:13:02]} Qd1 {[%clk 1:02:33]} 75. Kc4 {[%clk 0:13:21]} Qd3+ {[%clk 1:02:48]}
76. Kc5 {[%clk 0:13:46]} Be4 {[%clk 1:02:56]} 77. Kb6 {[%clk 0:14:04]} Qc2
{[%clk 1:03:19]} 78. Kb5 {[%clk 0:14:26]} Kg3 {[%clk 1:03:13]} 79. Kb4 {[%clk
0:14:36]} Bd5 {[%clk 1:02:51]} 80. Kb5 {[%clk 0:14:52]} Qc4+ {[%clk 1:02:41]}
81. Kb6 {[%clk 0:15:11]} Qc6+ {[%clk 1:03:05]} 82. Ka5 {[%clk 0:15:30]} Qb7
{[%clk 1:03:19]} 83. Ka4 {[%clk 0:15:52]} Qb6 {[%clk 1:03:40]} 84. Ka3 Qb3# 0-1

[Event "DVM U12 2017"]
[Site "Magdeburg GER"]
[Date "2017.12.30"]
[Round "7"]
[White "Kalina, Lena"]
[Black "Ponomarev, Maximilian"]
[Result "0-1"]
[Termination "normal"]
[Board "6.1"]
[WhiteElo "1440"]
[BlackElo "1764"]
[WhiteClock "00:10:39"]
[BlackClock "01:26:47"]
[WhiteTeam "SC Landskrone"]
[BlackTeam "SC Tarrasch 45 München"]
[PlyCount "118"]
[WhiteFideId "12988014"]
[BlackFideId "16216768"]
[EventCountry "GER"]
[EventRounds "7"]
[EventType "team-swiss"]
[EventDate "2017.12.26"]

1. d4 Nf6 {[%clk 1:31:04]} 2. c4 {[%clk 1:30:57]} c5 {[%clk 1:30:52]} 3. Nf3
{[%clk 1:28:57]} cxd4 {[%clk 1:30:26]} 4. Nxd4 {[%clk 1:29:22]} e6 {[%clk
1:27:40]} 5. Nc3 {[%clk 1:28:46]} a6 6. Bg5 {[%clk 1:25:31]} Be7 {[%clk
1:29:05]} 7. e3 {[%clk 1:24:15]} Qc7 {[%clk 1:29:06]} 8. Be2 {[%clk 1:20:19]}
d6 {[%clk 1:29:20]} 9. O-O {[%clk 1:19:33]} O-O {[%clk 1:29:16]} 10. Rc1 {[%clk
1:16:50]} Nbd7 {[%clk 1:29:13]} 11. Qc2 {[%clk 1:14:14]} b6 {[%clk 1:29:30]}
12. Bf3 {[%clk 1:10:46]} Bb7 {[%clk 1:28:45]} 13. Rfd1 {[%clk 1:08:11]} Bxf3
{[%clk 1:24:53]} 14. Nxf3 {[%clk 1:05:39]} Qxc4 {[%clk 1:24:24]} 15. Rd4 {[%clk
0:59:26]} Qc8 {[%clk 1:22:35]} 16. Qd1 {[%clk 0:54:23]} Qd8 {[%clk 1:20:04]}
17. Ne4 {[%clk 0:52:13]} Nxe4 {[%clk 1:19:10]} 18. Bxe7 {[%clk 0:52:10]} Qxe7
{[%clk 1:19:18]} 19. Rxe4 {[%clk 0:52:20]} Nc5 {[%clk 1:19:13]} 20. Rec4 {[%clk
0:50:00]} d5 {[%clk 1:17:39]} 21. R4c2 {[%clk 0:48:26]} a5 {[%clk 1:17:13]} 22.
a3 {[%clk 0:44:26]} a4 {[%clk 1:17:20]} 23. Nd4 {[%clk 0:43:52]} Qd7 {[%clk
1:16:05]} 24. Rc3 {[%clk 0:38:52]} Ra7 {[%clk 1:13:32]} 25. b4 {[%clk 0:37:05]}
axb3 {[%clk 1:13:02]} 26. Nxb3 {[%clk 0:37:03]} Ne4 {[%clk 1:09:02]} 27. Rc6
{[%clk 0:35:39]} Rxa3 {[%clk 1:08:08]} 28. Rxb6 {[%clk 0:34:41]} Rc8 {[%clk
1:07:51]} 29. Nd4 {[%clk 0:30:08]} g6 {[%clk 1:05:14]} 30. g3 {[%clk 0:27:31]}
Ra2 {[%clk 1:00:12]} 31. Rc2 {[%clk 0:25:19]} Raxc2 {[%clk 0:59:35]} 32. Nxc2
{[%clk 0:25:33]} Qc7 {[%clk 0:59:40]} 33. Rb2 {[%clk 0:24:02]} Qc3 {[%clk
0:59:47]} 34. Qb1 {[%clk 0:22:22]} Nd2 {[%clk 0:59:52]} 35. Qc1 {[%clk
0:21:51]} Nf3+ {[%clk 0:59:41]} 36. Kg2 {[%clk 0:21:22]} Ne1+ {[%clk 0:59:46]}
37. Qxe1 {[%clk 0:16:52]} Qxb2 {[%clk 1:00:03]} 38. Nd4 {[%clk 0:16:37]} e5
{[%clk 0:56:25]} 39. Nf3 {[%clk 0:15:17]} Rc1 {[%clk 0:55:08]} 40. Qd2 {[%clk
0:12:46]} Qxd2 {[%clk 0:54:09]} 41. Nxd2 {[%clk 0:13:07]} f5 {[%clk 0:54:27]}
42. Nf3 {[%clk 0:12:11]} e4 {[%clk 0:54:29]} 43. Nd4 {[%clk 0:11:58]} Kf7
{[%clk 0:54:50]} 44. h4 {[%clk 0:11:21]} Kf6 {[%clk 0:54:05]} 45. Kh2 {[%clk
0:04:47]} Rc4 {[%clk 0:54:21]} 46. Nb5 {[%clk 0:26:57]} Ke5 {[%clk 1:24:27]}
47. Na3 {[%clk 0:25:25]} Ra4 {[%clk 1:24:32]} 48. Nb5 {[%clk 0:24:07]} d4
{[%clk 1:24:34]} 49. exd4+ {[%clk 0:20:29]} Rxd4 {[%clk 1:24:40]} 50. Nxd4
{[%clk 0:19:17]} Kxd4 {[%clk 1:25:05]} 51. Kg2 {[%clk 0:18:48]} Kd3 {[%clk
1:25:29]} 52. Kf1 {[%clk 0:18:33]} Kd2 {[%clk 1:25:55]} 53. Kg1 {[%clk
0:17:36]} Ke1 {[%clk 1:24:53]} 54. Kg2 {[%clk 0:17:22]} Ke2 {[%clk 1:25:18]}
55. g4 {[%clk 0:13:53]} f4 {[%clk 1:25:30]} 56. g5 {[%clk 0:11:23]} f3+ {[%clk
1:25:33]} 57. Kg1 {[%clk 0:11:07]} e3 {[%clk 1:25:58]} 58. fxe3 {[%clk
0:10:15]} f2+ {[%clk 1:26:23]} 59. Kg2 {[%clk 0:10:39]} f1=Q+ {[%clk 1:26:47]}
0-1

[Event "DVM U12 2017"]
[Site "Magdeburg GER"]
[Date "2017.12.30"]
[Round "7"]
[White "Bloch, Daniel"]
[Black "Müller, Maurice-Pascal"]
[Result "0-1"]
[Termination "normal"]
[Board "6.2"]
[WhiteElo "1435"]
[BlackElo "1403"]
[WhiteClock "00:41:06"]
[BlackClock "01:34:43"]
[WhiteTeam "SC Tarrasch 45 München"]
[BlackTeam "SC Landskrone"]
[PlyCount "108"]
[WhiteFideId "16229525"]
[BlackFideId "16243340"]
[EventCountry "GER"]
[EventRounds "7"]
[EventType "team-swiss"]
[EventDate "2017.12.26"]

1. e4 {[%clk 1:30:58]} c5 {[%clk 1:30:50]} 2. Nf3 {[%clk 1:31:19]} Nc6 {[%clk
1:31:13]} 3. d4 {[%clk 1:31:41]} cxd4 {[%clk 1:31:36]} 4. Nxd4 {[%clk 1:31:53]}
g6 {[%clk 1:31:57]} 5. Nc3 {[%clk 1:31:57]} Bg7 {[%clk 1:32:12]} 6. Be3 {[%clk
1:32:11]} Nf6 {[%clk 1:32:24]} 7. Be2 {[%clk 1:32:13]} O-O {[%clk 1:32:48]} 8.
Qd2 {[%clk 1:32:18]} Qa5 {[%clk 1:32:42]} 9. O-O {[%clk 1:31:40]} Nxe4 {[%clk
1:31:15]} 10. Nxc6 {[%clk 1:25:56]} Nxd2 {[%clk 1:31:35]} 11. Nxa5 {[%clk
1:26:22]} Nxf1 {[%clk 1:31:53]} 12. Rxf1 {[%clk 1:26:47]} b6 {[%clk 1:32:02]}
13. Bf3 {[%clk 1:25:08]} Rb8 {[%clk 1:30:42]} 14. Nc4 {[%clk 1:22:24]} Ba6
{[%clk 1:30:38]} 15. Be2 {[%clk 1:22:40]} Bxc3 {[%clk 1:30:45]} 16. bxc3 {[%clk
1:21:52]} d5 {[%clk 1:30:29]} 17. Bf4 {[%clk 1:21:40]} Bxc4 {[%clk 1:28:14]}
18. Bxc4 {[%clk 1:20:40]} dxc4 {[%clk 1:28:27]} 19. Bxb8 {[%clk 1:21:07]} Rxb8
{[%clk 1:28:50]} 20. Rd1 {[%clk 1:20:57]} Rb7 {[%clk 1:28:35]} 21. Rd8+ {[%clk
1:18:20]} Kg7 {[%clk 1:28:55]} 22. f3 {[%clk 1:17:31]} h5 {[%clk 1:28:27]} 23.
Kf2 {[%clk 1:17:28]} e6 {[%clk 1:28:28]} 24. Ke3 {[%clk 1:16:22]} Kf6 {[%clk
1:28:37]} 25. h4 {[%clk 1:14:54]} Ke7 {[%clk 1:28:55]} 26. Rd1 {[%clk 1:13:56]}
e5 {[%clk 1:28:24]} 27. g3 {[%clk 1:04:12]} Rd7 {[%clk 1:27:29]} 28. Rxd7+
{[%clk 0:56:04]} Kxd7 {[%clk 1:27:53]} 29. Ke4 {[%clk 0:56:26]} Ke6 {[%clk
1:28:17]} 30. g4 {[%clk 0:41:49]} f5+ {[%clk 1:28:28]} 31. gxf5+ {[%clk
0:42:08]} gxf5+ {[%clk 1:28:53]} 32. Ke3 {[%clk 0:42:13]} Kd5 {[%clk 1:28:49]}
33. f4 {[%clk 0:42:06]} b5 {[%clk 1:28:49]} 34. a3 {[%clk 0:41:58]} a5 {[%clk
1:29:14]} 35. Kf3 {[%clk 0:41:22]} e4+ {[%clk 1:28:45]} 36. Ke3 {[%clk
0:41:45]} Kc5 {[%clk 1:29:10]} 37. Ke2 {[%clk 0:40:15]} b4 {[%clk 1:29:30]} 38.
cxb4+ axb4 {[%clk 1:29:46]} 39. axb4+ {[%clk 0:38:41]} Kxb4 {[%clk 1:30:03]}
40. Kd2 {[%clk 0:38:58]} e3+ {[%clk 1:29:58]} 41. Kxe3 {[%clk 0:37:54]} Kc3
{[%clk 1:30:23]} 42. Kf3 {[%clk 0:38:09]} Kxc2 {[%clk 1:30:49]} 43. Ke3 {[%clk
0:38:27]} c3 {[%clk 1:31:11]} 44. Kd4 {[%clk 0:38:25]} Kd2 {[%clk 1:31:36]} 45.
Ke5 {[%clk 0:38:50]} c2 {[%clk 1:32:01]} 46. Kxf5 {[%clk 0:39:15]} c1=Q {[%clk
1:32:08]} 47. Kg5 {[%clk 0:39:36]} Qd1 {[%clk 1:32:31]} 48. f5 {[%clk 0:39:43]}
Qg4+ {[%clk 1:32:56]} 49. Kf6 {[%clk 0:40:04]} Qxh4+ {[%clk 1:33:16]} 50. Ke6
{[%clk 0:40:25]} Qg4 {[%clk 1:33:44]} 51. Ke5 {[%clk 0:40:12]} Qg7+ {[%clk
1:33:55]} 52. f6 {[%clk 0:40:27]} Qxf6+ {[%clk 1:34:19]} 53. Kxf6 {[%clk
0:40:51]} h4 {[%clk 1:34:43]} 54. Kf5 {[%clk 0:41:06]} h3 0-1

[Event "DVM U12 2017"]
[Site "Magdeburg GER"]
[Date "2017.12.30"]
[Round "7"]
[White "Behr, Julian"]
[Black "Popovici, Liviu-Daniel"]
[Result "1-0"]
[Termination "normal"]
[Board "6.3"]
[WhiteElo "1282"]
[BlackElo "1213"]
[WhiteClock "00:27:06"]
[BlackClock "00:59:16"]
[WhiteTeam "SC Landskrone"]
[BlackTeam "SC Tarrasch 45 München"]
[PlyCount "103"]
[WhiteFideId "16255410"]
[BlackFideId "1253689"]
[EventCountry "GER"]
[EventRounds "7"]
[EventType "team-swiss"]
[EventDate "2017.12.26"]

1. e4 {[%clk 1:30:57]} c5 {[%clk 1:30:55]} 2. d4 {[%clk 1:31:22]} cxd4 {[%clk
1:31:20]} 3. c3 {[%clk 1:31:37]} dxc3 {[%clk 1:31:45]} 4. Nxc3 {[%clk 1:31:52]}
Nc6 {[%clk 1:32:09]} 5. Bc4 {[%clk 1:31:38]} d6 {[%clk 1:32:18]} 6. Nf3 {[%clk
1:31:50]} e6 {[%clk 1:32:29]} 7. O-O {[%clk 1:31:01]} Nf6 {[%clk 1:32:19]} 8.
e5 {[%clk 1:21:10]} dxe5 {[%clk 1:31:52]} 9. Qxd8+ {[%clk 1:21:06]} Nxd8 {[%clk
1:31:06]} 10. Nxe5 {[%clk 1:20:13]} Be7 {[%clk 1:31:05]} 11. Bb5+ {[%clk
1:19:11]} Bd7 {[%clk 1:29:35]} 12. Bxd7+ {[%clk 1:13:21]} Nxd7 {[%clk 1:29:54]}
13. Nxd7 {[%clk 1:07:55]} Kxd7 {[%clk 1:30:13]} 14. Rd1+ {[%clk 1:08:05]} Ke8
{[%clk 1:28:53]} 15. Nb5 {[%clk 1:07:14]} Rc8 {[%clk 1:24:44]} 16. Nxa7 {[%clk
1:05:38]} Rb8 {[%clk 1:22:21]} 17. Nb5 {[%clk 1:03:32]} f6 {[%clk 1:20:28]} 18.
Be3 {[%clk 1:01:20]} Nc6 {[%clk 1:18:26]} 19. a3 {[%clk 0:54:30]} Kf7 {[%clk
1:15:56]} 20. Rd7 Rhd8 {[%clk 1:14:05]} 21. Rad1 {[%clk 0:46:59]} Rxd7 {[%clk
1:11:30]} 22. Rxd7 {[%clk 0:45:57]} Rd8 {[%clk 1:11:35]} 23. Rxd8 {[%clk
0:45:54]} Nxd8 {[%clk 1:11:50]} 24. f4 {[%clk 0:44:04]} Nc6 {[%clk 1:11:20]}
25. Kf2 {[%clk 0:43:00]} e5 {[%clk 1:07:14]} 26. g3 {[%clk 0:41:38]} Ke6 {[%clk
1:06:23]} 27. Kf3 {[%clk 0:39:51]} f5 {[%clk 1:05:05]} 28. fxe5 {[%clk
0:38:47]} Nxe5+ {[%clk 1:05:22]} 29. Ke2 {[%clk 0:38:21]} Nc4 {[%clk 1:04:28]}
30. Bd4 {[%clk 0:37:19]} g6 {[%clk 1:04:25]} 31. Kd3 {[%clk 0:35:09]} Nd6
{[%clk 1:03:33]} 32. Nc7+ {[%clk 0:31:43]} Kd7 {[%clk 1:03:33]} 33. Nd5 {[%clk
0:30:30]} Bd8 {[%clk 1:00:07]} 34. Bf6 {[%clk 0:29:51]} Bc7 {[%clk 0:57:03]}
35. Nxc7 {[%clk 0:29:01]} Kxc7 {[%clk 0:57:28]} 36. Be5 {[%clk 0:29:18]} Kc6
{[%clk 0:57:41]} 37. Bxd6 {[%clk 0:29:31]} Kxd6 {[%clk 0:58:01]} 38. Kd4 {[%clk
0:29:41]} h6 {[%clk 0:58:24]} 39. b3 {[%clk 0:29:14]} g5 {[%clk 0:58:44]} 40.
h3 {[%clk 0:27:53]} h5 {[%clk 0:58:59]} 41. h4 {[%clk 0:26:40]} gxh4 {[%clk
0:56:54]} 42. gxh4 {[%clk 0:27:01]} Ke6 {[%clk 0:57:10]} 43. a4 {[%clk
0:26:14]} Kd6 {[%clk 0:57:14]} 44. b4 {[%clk 0:25:53]} b6 {[%clk 0:57:29]} 45.
a5 {[%clk 0:25:18]} bxa5 {[%clk 0:57:48]} 46. bxa5 {[%clk 0:25:43]} Kc6 {[%clk
0:58:09]} 47. Ke5 {[%clk 0:25:49]} Kb5 {[%clk 0:58:13]} 48. Kxf5 {[%clk
0:26:07]} Kxa5 {[%clk 0:58:36]} 49. Kg5 {[%clk 0:26:23]} Kb6 {[%clk 0:58:53]}
50. Kxh5 {[%clk 0:26:40]} Kc6 {[%clk 0:59:10]} 51. Kg6 {[%clk 0:26:55]} Kd7
{[%clk 0:59:16]} 52. Kf7 {[%clk 0:27:06]} 1-0

[Event "DVM U12 2017"]
[Site "Magdeburg GER"]
[Date "2017.12.30"]
[Round "7"]
[White "Lipinsky, Pierre"]
[Black "Dittenberger, Nico"]
[Result "1-0"]
[Termination "normal"]
[Board "6.4"]
[WhiteElo "1190"]
[BlackElo "1229"]
[WhiteClock "01:09:12"]
[BlackClock "01:01:55"]
[WhiteTeam "SC Tarrasch 45 München"]
[BlackTeam "SC Landskrone"]
[PlyCount "57"]
[WhiteFideId "16206290"]
[BlackFideId "12996254"]
[EventCountry "GER"]
[EventRounds "7"]
[EventType "team-swiss"]
[EventDate "2017.12.26"]

1. e4 {[%clk 1:31:00]} e5 {[%clk 1:30:50]} 2. Nf3 {[%clk 1:31:29]} Nc6 {[%clk
1:30:54]} 3. d4 {[%clk 1:31:59]} exd4 {[%clk 1:30:58]} 4. Nxd4 {[%clk 1:32:27]}
Qf6 {[%clk 1:30:58]} 5. Be3 {[%clk 1:31:19]} Bc5 {[%clk 1:28:51]} 6. Nb5 {[%clk
1:31:40]} Bd6 {[%clk 1:27:37]} 7. N1c3 {[%clk 1:29:23]} Nge7 {[%clk 1:24:45]}
8. Bc4 {[%clk 1:27:15]} O-O {[%clk 1:21:55]} 9. O-O {[%clk 1:23:49]} Qe5 {[%clk
1:14:24]} 10. f4 {[%clk 1:18:38]} Qf6 {[%clk 1:10:46]} 11. e5 {[%clk 1:18:44]}
Nxe5 {[%clk 1:10:39]} 12. fxe5 {[%clk 1:18:58]} Qxe5 {[%clk 1:10:12]} 13. Bf4
{[%clk 1:16:37]} Qc5+ {[%clk 1:09:14]} 14. Qd4 {[%clk 1:15:21]} a6 {[%clk
1:07:53]} 15. Bxd6 {[%clk 1:14:13]} cxd6 {[%clk 1:06:36]} 16. Qxc5 {[%clk
1:13:11]} dxc5 {[%clk 1:06:48]} 17. Nd6 {[%clk 1:12:06]} b5 {[%clk 1:04:50]}
18. Bxf7+ {[%clk 1:12:05]} Kh8 {[%clk 1:04:59]} 19. Nd5 {[%clk 1:09:09]} Nc6
{[%clk 1:03:18]} 20. Nb6 {[%clk 1:07:34]} Rb8 {[%clk 1:01:21]} 21. Nbxc8 {[%clk
1:07:45]} Rbxc8 {[%clk 1:00:49]} 22. Nxc8 {[%clk 1:08:05]} Rxc8 {[%clk
1:01:17]} 23. Rae1 {[%clk 1:08:14]} h6 {[%clk 1:01:27]} 24. Bg6 {[%clk
1:08:19]} d6 {[%clk 1:01:31]} 25. Re8+ {[%clk 1:08:38]} Rxe8 {[%clk 1:01:39]}
26. Bxe8 {[%clk 1:09:02]} Ne5 {[%clk 1:01:32]} 27. Rd1 {[%clk 1:08:46]} Nc4
{[%clk 1:01:39]} 28. b3 {[%clk 1:08:59]} Ne3 {[%clk 1:01:55]} 29. Rxd6 {[%clk
1:09:12]} 1-0

[Event "DVM U12 2017"]
[Site "Magdeburg GER"]
[Date "2017.12.30"]
[Round "7"]
[White "Kittel, Lennart"]
[Black "Toval, David"]
[Result "0-1"]
[Termination "normal"]
[Board "7.1"]
[WhiteElo "1116"]
[BlackElo "1798"]
[WhiteClock "00:38:33"]
[BlackClock "00:24:57"]
[WhiteTeam "SF 1876 Göppingen"]
[BlackTeam "SK Münster"]
[PlyCount "72"]
[WhiteFideId "16254171"]
[BlackFideId "12992755"]
[EventCountry "GER"]
[EventRounds "7"]
[EventType "team-swiss"]
[EventDate "2017.12.26"]

1. d4 {[%clk 1:30:58]} Nf6 {[%clk 1:30:53]} 2. c4 {[%clk 1:31:21]} e6 {[%clk
1:31:18]} 3. Nf3 {[%clk 1:31:42]} b6 {[%clk 1:31:39]} 4. g3 {[%clk 1:31:42]}
Bb7 {[%clk 1:31:59]} 5. Bg2 {[%clk 1:32:01]} d5 {[%clk 1:32:13]} 6. cxd5 {[%clk
1:31:31]} exd5 {[%clk 1:32:34]} 7. Nc3 {[%clk 1:31:08]} Nbd7 {[%clk 1:32:10]}
8. Bg5 {[%clk 1:30:22]} h6 {[%clk 1:31:29]} 9. Bd2 {[%clk 1:29:50]} Be7 {[%clk
1:31:06]} 10. Qc2 {[%clk 1:29:31]} O-O {[%clk 1:30:59]} 11. O-O {[%clk
1:29:49]} c5 {[%clk 1:27:15]} 12. e3 {[%clk 1:28:10]} Rc8 {[%clk 1:27:01]} 13.
Qa4 {[%clk 1:22:18]} Bc6 {[%clk 1:19:27]} 14. Qc2 {[%clk 1:19:28]} c4 {[%clk
1:19:10]} 15. b3 {[%clk 1:17:37]} b5 {[%clk 1:18:57]} 16. Rac1 {[%clk 1:16:06]}
b4 {[%clk 1:16:26]} 17. Ne2 {[%clk 1:14:20]} c3 {[%clk 1:16:08]} 18. Be1 {[%clk
1:12:52]} Bb5 {[%clk 1:13:46]} 19. Kh1 {[%clk 1:08:30]} a5 {[%clk 1:12:18]} 20.
h3 {[%clk 1:08:00]} Ne4 {[%clk 1:07:15]} 21. Nf4 {[%clk 1:06:32]} Bxf1 {[%clk
0:53:31]} 22. Bxf1 {[%clk 1:06:46]} Ndf6 {[%clk 0:53:56]} 23. Ne5 {[%clk
1:05:51]} Bd6 {[%clk 0:53:26]} 24. Nfd3 {[%clk 1:04:06]} Nd7 {[%clk 0:47:18]}
25. Nxd7 {[%clk 1:02:06]} Qxd7 {[%clk 0:46:58]} 26. Qe2 {[%clk 1:00:13]} Qf5
{[%clk 0:45:08]} 27. g4 {[%clk 0:53:53]} Qf6 {[%clk 0:42:45]} 28. f4 {[%clk
0:53:19]} Ra8 {[%clk 0:36:36]} 29. Qd1 {[%clk 0:50:45]} Ra7 {[%clk 0:34:28]}
30. Kh2 {[%clk 0:49:25]} Rfa8 {[%clk 0:32:35]} 31. Nf2 {[%clk 0:48:35]} g5
{[%clk 0:30:01]} 32. Nxe4 {[%clk 0:42:15]} dxe4 {[%clk 0:30:16]} 33. Qc2 {[%clk
0:39:23]} gxf4 {[%clk 0:25:22]} 34. Qxe4 {[%clk 0:39:09]} fxe3+ {[%clk
0:25:42]} 35. Bg3 {[%clk 0:39:09]} Qf2+ {[%clk 0:24:34]} 36. Qg2 {[%clk
0:38:33]} Bxg3+ {[%clk 0:24:57]} 0-1

[Event "DVM U12 2017"]
[Site "Magdeburg GER"]
[Date "2017.12.30"]
[Round "7"]
[White "Schröder, Lennart"]
[Black "Blazevic, Ksaver"]
[Result "1-0"]
[Termination "normal"]
[Board "7.2"]
[WhiteElo "1635"]
[BlackElo "1139"]
[WhiteClock "00:56:52"]
[BlackClock "00:43:56"]
[WhiteTeam "SK Münster"]
[BlackTeam "SF 1876 Göppingen"]
[PlyCount "57"]
[WhiteFideId "16222490"]
[BlackFideId "16255534"]
[EventCountry "GER"]
[EventRounds "7"]
[EventType "team-swiss"]
[EventDate "2017.12.26"]

1. d4 {[%clk 1:30:58]} d5 {[%clk 1:30:52]} 2. Nf3 {[%clk 1:31:19]} c6 {[%clk
1:30:58]} 3. c4 {[%clk 1:31:23]} Nf6 {[%clk 1:30:45]} 4. Qc2 {[%clk 1:31:32]}
Bg4 {[%clk 1:30:11]} 5. Nbd2 {[%clk 1:30:21]} e6 {[%clk 1:29:24]} 6. g3 {[%clk
1:29:29]} Nbd7 {[%clk 1:28:18]} 7. Bg2 {[%clk 1:28:54]} Bb4 {[%clk 1:26:14]} 8.
O-O {[%clk 1:27:45]} O-O {[%clk 1:25:33]} 9. e3 {[%clk 1:24:32]} Qe7 {[%clk
1:23:00]} 10. b3 {[%clk 1:22:19]} Rfe8 {[%clk 1:20:56]} 11. a3 {[%clk 1:20:29]}
Bd6 {[%clk 1:20:01]} 12. c5 {[%clk 1:18:59]} Bc7 {[%clk 1:18:31]} 13. Bb2
{[%clk 1:14:21]} a5 {[%clk 1:14:15]} 14. b4 {[%clk 1:11:56]} axb4 {[%clk
1:07:57]} 15. axb4 {[%clk 1:12:18]} Rac8 {[%clk 1:07:18]} 16. Nb3 {[%clk
1:10:08]} Ne4 {[%clk 1:03:28]} 17. Bc3 {[%clk 1:06:09]} b6 {[%clk 1:00:46]} 18.
Ra7 {[%clk 1:01:52]} bxc5 {[%clk 0:58:52]} 19. bxc5 {[%clk 1:01:36]} Nxc3
{[%clk 0:56:59]} 20. Qxc3 {[%clk 1:01:47]} Nf6 {[%clk 0:56:00]} 21. Ne5 {[%clk
1:01:09]} Ne4 {[%clk 0:48:31]} 22. Bxe4 {[%clk 0:59:19]} dxe4 {[%clk 0:45:33]}
23. Nxg4 {[%clk 0:59:39]} Qg5 {[%clk 0:45:44]} 24. Ne5 {[%clk 0:58:48]} Bxe5
{[%clk 0:45:23]} 25. dxe5 {[%clk 0:59:13]} Red8 {[%clk 0:45:24]} 26. Nd2 {[%clk
0:56:27]} Rd3 {[%clk 0:45:08]} 27. Nxe4 {[%clk 0:56:03]} Qxg3+ {[%clk 0:43:37]}
28. hxg3 {[%clk 0:56:26]} Rxc3 {[%clk 0:43:56]} 29. Nxc3 {[%clk 0:56:52]} 1-0